Statistics for Most-Spoken Language Families

Click here to take the quiz!

General Stats

  • This quiz has been taken 274 times
  • The average score is 6 of 9

Answer Stats

LocationPercentageAnswer% Correct
North and South America, Europe, Australia and parts of Asia and Africa45.7%Indo-European
91%
Japan2.1%Japanese
74%
China, parts of Southeast Asia, and Russia21.1%Sino-Tibetan
71%
Southern India, and part of Sri Lanka3.8%Dravidian
68%
Madagascar, Indonesia, Philippines, and other islands in Oceania5.9%Austronesian
64%
Middle East, Northern Africa6.0%Afro-Asiatic
63%
Sub-Saharan Africa6.4%Niger-Congo
62%
Turkey, Central Asia, Mongolia, and part of China2.3%Altaic
45%
Cambodia, Vietnam, Papua New Guinea, and part of Indonesia1.7%Austro-Asiatic
43%

Score Distribution

Percentile by Number Answered

Percent of People with Each Score

Your Score History

You have not taken this quiz